Perdamaian roh dalam persetubuhan

Bibliographic Details
Main Author: Bastian Rahman
Format: Book
Published: Alor Setar : Kalam Ilham , 19-
Subjects:

MARC

LEADER 00000cam a2200000 7i4500
001 0000003685
002 000003968
005 20000330.0
020 |a 9839070037 
090 0 0 |a 306.7   |b BAS 
100 0 |a Bastian Rahman   |f Dr 
245 1 0 |a Perdamaian roh dalam persetubuhan   |c Dr Bastian Rahman 
260 |a Alor Setar :   |b Kalam Ilham ,   |c 19- 
300 |a 217p. ;   |c 20cm. 
650 0 0 |a Sex instruction   |x Religious aspects   |x Islam 
999 |a 037136   |b BUKU   |c PINJAMAN   |e PERPUSTAKAAN KOMUNITI PETALING JAYA